Loading...
| History - European | 0 | 11 | 0 | 1 | 110 | 42 | 100.64 | 2 | 8 | 25.41 | 66.67 |
| History - World | 0 | 7 | 1 | 1 | 65 | 49 | 100.86 | 2 | 3 | 13.82 | 33.33 |
| History - Other | 0 | 5 | 0 | 1 | 50 | 109 | 123.40 | 1 | 3 | 1.49 | 24.24 |
| Geography | 0 | 3 | 0 | 2 | 30 | 60 | 112.00 | 0 | 1 | 13.10 | 29.17 |
| Current Events | 0 | 3 | 0 | 0 | 30 | 61 | 63.67 | 2 | 3 | 49.45 | 88.89 |
| History - American | 0 | 3 | 1 | 0 | 25 | 89 | 106.33 | 0 | 1 | 3.74 | 9.09 |
| Religion | 0 | 3 | 1 | 1 | 25 | 127 | 134.67 | 0 | 2 | 0.21 | 9.09 |
| Fine Arts - Other | 0 | 3 | 1 | 0 | 25 | 71 | 111.00 | 0 | 1 | 4.73 | 12.12 |
| Literature - World | 0 | 2 | 0 | 0 | 20 | 112 | 128.50 | 0 | 0 | 1.38 | 7.58 |
| Social Science | 0 | 2 | 1 | 1 | 15 | 93 | 114.50 | 0 | 0 | 2.16 | 4.55 |
| Science - Physics | 0 | 1 | 0 | 1 | 10 | 118 | 118.00 | 0 | 0 | -0.16 | 1.52 |
| Science - Other | 0 | 1 | 0 | 0 | 10 | 116 | 116.00 | 0 | 0 | 0.15 | 1.52 |
| Literature - American | 0 | 1 | 0 | 0 | 10 | 142 | 142.00 | 0 | 0 | -0.06 | 1.52 |
| Pop Culture | 0 | 1 | 0 | 0 | 10 | 136 | 136.00 | 0 | 1 | 3.70 | 22.22 |
| Fine Arts - Painting and Sculpture | 0 | 1 | 0 | 0 | 10 | 138 | 138.00 | 0 | 0 | 0.00 | 1.52 |
| Science - Biology | 0 | 1 | 0 | 0 | 10 | 102 | 102.00 | 0 | 1 | 1.61 | 7.58 |
| Literature - British | 0 | 1 | 1 | 0 | 5 | 144 | 144.00 | 0 | 1 | 0.00 | 1.52 |
| Mythology | 0 | 1 | 1 | 0 | 5 | 90 | 90.00 | 0 | 1 | 2.49 | 7.58 |
| Science - Chemistry | 0 | 0 | 0 | 0 | 0 | 0.00 | 0 | 0 | 0.00 | 0.00 | |
| Fine Arts - Classical Music | 0 | 0 | 0 | 0 | 0 | 0.00 | 0 | 0 | 0.00 | 0.00 |